Library of the University of Algiers 3
Ibrahim Sultan Cheibout
شعار جامعة الجزائر 3
مكتبة جامعة الجزائر 3
إبراهيم سلطان شيبوط

أعمال الصيرفة الالكترونية : (رقم التسجيلة. 44149)

تفاصيل مارك
000 -LEADER
fixed length control field 01093nam a2200229Ia 4500
003 - CONTROL NUMBER IDENTIFIER
control field Ost
005 - DATE AND TIME OF LATEST TRANSACTION
control field 20260507075352.0
008 - FIXED-LENGTH DATA ELEMENTS--GENERAL INFORMATION
fixed length control field 260507s9999||||xx |||||||||||||| ||und||
020 ## - INTERNATIONAL STANDARD BOOK NUMBER
International Standard Book Number 65223509779
040 ## - CATALOGING SOURCE
Transcribing agency fsecg
041 ## - LANGUAGE CODE
Language code of text/sound track or separate title ara
082 ## - DEWEY DECIMAL CLASSIFICATION NUMBER
Classification number 330
100 ## - MAIN ENTRY--PERSONAL NAME
Personal name بوراس، أحمد
Relator term مؤلف
245 #0 - TITLE STATEMENT
Title أعمال الصيرفة الالكترونية :
Remainder of title الأدوات و المخاطر /
Statement of responsibility, etc. أحمد بوراس
260 ## - PUBLICATION, DISTRIBUTION, ETC.
Place of publication, distribution, etc. القاهرة:
Name of publisher, distributor, etc. دار الكتاب الحديث,
Date of publication, distribution, etc. 2014
300 ## - PHYSICAL DESCRIPTION
Extent 341 صفحة؛
Other physical details إيضاحات ؛
Dimensions 24 سم
520 ## - SUMMARY, ETC.
Summary, etc. العمليات التجارية الالكترونية- ماهية الصيرفة الالكترونية- بنوك الانترنت، الاتجاهات، التحديات والفروض- الصيرفة الالكترونية واستخدام النقود الالكترونية- مخاطر الصيرفة الالكترونية
653 ## - INDEX TERM--UNCONTROLLED
Uncontrolled term الأجهزة الإلكترونية
653 ## - INDEX TERM--UNCONTROLLED
Uncontrolled term العمليات المصرفية
700 ## - ADDED ENTRY--PERSONAL NAME
Personal name بريكة، السعيد
Relator term مؤلف ثانوي
942 ## - ADDED ENTRY ELEMENTS (KOHA)
Koha item type كتب
المقتنيات
Withdrawn status Lost status Source of classification or shelving scheme Damaged status Not for loan Home library Current library Date acquired Serial enumeration / chronology Inventory number Total checkouts Full call number Barcode Date last seen Price effective from Koha item type
    Dewey Decimal Classification   NOT LOAN / إعارة داخلية مكتبة كلية العلوم الإقتصادية والعلوم التجارية وعلوم التسيير مكتبة كلية العلوم الإقتصادية والعلوم التجارية وعلوم التسيير 07/05/2026 الطابق الأرضي 25046   أ/4206ن1 25046 07/05/2026 07/05/2026 كتب
    Dewey Decimal Classification   Available مكتبة كلية العلوم الإقتصادية والعلوم التجارية وعلوم التسيير مكتبة كلية العلوم الإقتصادية والعلوم التجارية وعلوم التسيير 07/05/2026 الطابق الأرضي 25047   أ/4206ن2 25047 07/05/2026 07/05/2026 كتب
    Dewey Decimal Classification   Available مكتبة كلية العلوم الإقتصادية والعلوم التجارية وعلوم التسيير مكتبة كلية العلوم الإقتصادية والعلوم التجارية وعلوم التسيير 07/05/2026 الطابق الثاني 25048   أ/4206ن3 25048 07/05/2026 07/05/2026 كتب

موارد الويب المفتوحة


© University of Algiers 3 All Rights Reserved
|
Implemented by LECHELAH Riad